000 01261cam a2200337 a 4500
005 20211105120845.0
008 171108s2005 sp ad r 001 0 spa d
015 _aNNN
020 _a8488711700
020 _a9788488711700
035 _a(Sirsi) a634347
040 _aCO-BoUCM
_bspa
_cSaul Niño
_dSaul Niño
041 0 _aspa
100 1 _aMcAdam, Doug
_d1951-
_988639
245 1 0 _aDinámica de la contienda política
_cDoug McAdam, Sidney G.Tarrow y Charles Tilly ; con un prólogo de Pedro Ibarra y Salvador Martí Puig; traducción Joan Quesada
260 _aBarcelona, España
_bHacer Editorial
_c2005
300 _axxxii, 415 páginas
_bilustraciones, gráficas
490 0 _aBiblioteca de filosofía y ciencias sociales
650 7 _aMovimientos sociales
_919847
650 7 _aConducta colectiva
_911519
650 7 _aRevoluciones
_9370
650 7 _aDemocracia
_912617
700 1 _aTarrow, Sidney G.
_d1938-
_988640
700 1 _aTilly, Charles
_d1929-2008
_988641
700 1 _aIbarra Güell, Pedro
_988642
700 1 _aMartí i Puig, Salvador
_d1969-
_988643
700 1 _aQuesada, Joan
_988644
765 _tDynamics of contention
942 _2DEWEY
_a5
_cLIBRO
_e1
_h303.484
_mM487di
999 _c307703
_d307703